000 01228cam a2200241 4500
001 ABS65867
008 020829n2002 000 0 eng u
035 _a(Sirsi) u119479
100 _aLock, D.
245 _aDevelopment corporations on the horizon
260 _c2002
490 _aTown & Country Planning
_v71(718) July/August 2002, 184(1)
520 _aDiscusses the response to the consultation on the Planning Green Paper by the Deputy Prime Minister John Prescott. Praises the honesty of the message and the way the government has listened carefully and abandoned some of the inpractical ideas. Notes that some of the changes in areas such as local plans are to be called 'local government frameworks'. Mentions the majority of the rest of the statement which was concerned with housing in the south east and the shortfall of around 10 000 homes. Prescott says he will ensure that planning authorities now deliver on the housing numbers he prescribes.
590 _aABS
650 _aPLANNING GUIDANCE
650 _aLOCAL DEVELOPMENT PLANS
650 _aREGIONAL STATEGY
650 _aLONDON
650 _aSOUTH EAST
650 _aHOUSE BUILDING
690 _aPlanning and development
_96259
942 _n0
999 _c71037
_d71037